Kleines Wörterbuch der "faux amis" Deutsch - Französisch, Französisch - Deutsch

Gespeichert in:
Bibliographische Detailangaben
Format: Buch
Sprache:Deutsch
Veröffentlicht: Leipzig Enzyklopädie 1982
Ausgabe:2. unveränd. Aufl.
Tags: Tag hinzufügen
Keine Tags, Fügen Sie das erste Tag hinzu!

MARC

LEADER 00000nam a2200000 4500
001 c134539
005 20260129132528.7
041 0 |a ger 
044 |a DE 
245 1 0 |a Kleines Wörterbuch der "faux amis"  |b Deutsch - Französisch, Französisch - Deutsch  |c Helmut Kühnel 
250 |a 2. unveränd. Aufl. 
264 1 |a Leipzig  |b Enzyklopädie  |c 1982 
300 |a 125 s.